000 00297nam a22001337a 4500
008 180922b xxu||||| |||| 00| 0 eng d
020 _a1882393058
041 _aeng
080 _a371
100 _a25
101 _aEDU
245 _aQuestionnaire Survey Research
_cSuskie, L.A
942 _2udc
_cBK
999 _c48235
_d48235